000 00246nam a2200121Ia 4500
008 190216s9999||||xx |||||||||||||| ||und||
100 _aMosas K
245 0 _aVairam
260 _bCurrent Books
300 _a347
650 _aNovel
942 _cBK
999 _c27361
_d27361